01080nam a2200241Ia 4500003000900000008004100009020001800050040001600068080002000084111005600104245024600160260004900406300001500455490003900470650003300509650002200542700003300564700003600597710004400633942000700677999001700684952013700701IN-BaIIA211028s9999 xx 000 0 eng d a1-56396-767-7 cIIA Library a524(082.2)bHOL aAstrophysics Conferencen8thcUSAd1997 Oct.922726 0aAccretion processes in astrophysical systems- some like it hot!bproceedings of the eighth astrophysics conference, College Park, USA, October 1997cedited by Stephen S. Holt and Timothy R. Kallman  aNewyorkbAmerican Institute of Physicsc1998 axiv, 562p. aAIP conference proceedings; v. 431 aAstrophysical systems922727 aAstrophysics9794 aHolt, Stephen S., ed.917868 aKallman, Timothy R., ed.922728 aAmerican Institute of Physics 92416 cBK c12949d12949 00104070aBANbBANcGENd1999-03-15eTBH g9723.60l0o524(082.2)/ HOLp13866r2021-11-05v9723.60w1999-03-15yBKGRs. 9723.60